<?xml version="1.0" encoding="UTF-8"?>
<record
    xmlns:xsi="http://www.w3.org/2001/XMLSchema-instance"
    xsi:schemaLocation="http://www.loc.gov/MARC21/slim http://www.loc.gov/standards/marcxml/schema/MARC21slim.xsd"
    xmlns="http://www.loc.gov/MARC21/slim">

  <leader>07203nam a2200493Ii 4500</leader>
  <controlfield tag="001">DIGVISR0022</controlfield>
  <controlfield tag="003">NyNyDIG</controlfield>
  <controlfield tag="008">140612s2005    sp      ob    100 0 spa d</controlfield>
  <controlfield tag="006">m     o  d        </controlfield>
  <controlfield tag="007">cr |||||||||||</controlfield>
  <datafield tag="040" ind1=" " ind2=" ">
    <subfield code="a">DGITA</subfield>
    <subfield code="b">eng</subfield>
    <subfield code="e">rda</subfield>
    <subfield code="e">pn</subfield>
    <subfield code="c">DGITA</subfield>
  </datafield>
  <datafield tag="020" ind1=" " ind2=" ">
    <subfield code="z">8475228836</subfield>
  </datafield>
  <datafield tag="020" ind1=" " ind2=" ">
    <subfield code="z">9788475228839</subfield>
  </datafield>
  <datafield tag="035" ind1=" " ind2=" ">
    <subfield code="a">(OCoLC)607647819</subfield>
  </datafield>
  <datafield tag="043" ind1=" " ind2=" ">
    <subfield code="a">e-sp---</subfield>
  </datafield>
  <datafield tag="050" ind1="1" ind2="4">
    <subfield code="a">PQ6055 eBook</subfield>
  </datafield>
  <datafield tag="110" ind1="2" ind2=" ">
    <subfield code="a">Centro de Investigaci&#xF3;n de Semi&#xF3;tica Literaria, Teatral y Nuevas Tecnolog&#xED;as.</subfield>
    <subfield code="b">Seminario Internacional</subfield>
    <subfield code="n">(14th :</subfield>
    <subfield code="d">2004 :</subfield>
    <subfield code="c">Madrid, Spain)</subfield>
  </datafield>
  <datafield tag="245" ind1="1" ind2="0">
    <subfield code="a">Dramaturgias femeninas en la segunda mitad del siglo XX :</subfield>
    <subfield code="b">espacio y tiempo : actas del XIV Seminario Internacional del Centro de Investigaci&#xF3;n de Semi&#xF3;tica Literaria, Teatral y Nuevas Tecnolog&#xED;as, Madrid, UNED, 28 al 30 de junio de 2004 /</subfield>
    <subfield code="c">Jos&#xE9; Romera Castillo (ed.) ; con la colaboraci&#xF3;n de Francisco Guti&#xE9;rrez Carbajo.</subfield>
  </datafield>
  <datafield tag="246" ind1="3" ind2=" ">
    <subfield code="a">Actas del XIV Seminario Internacional del Centro de Investigaci&#xF3;n de Semi&#xF3;tica Literaria, Teatral y Nuevas Tecnolog&#xED;as, Madrid, UNED</subfield>
  </datafield>
  <datafield tag="246" ind1="3" ind2=" ">
    <subfield code="a">Actas del 14. Seminario Internacional del Centro de Investigaci&#xF3;n de Semi&#xF3;tica Literaria, Teatral y Nuevas Tecnolog&#xED;as, Madrid, UNED</subfield>
  </datafield>
  <datafield tag="246" ind1="3" ind2=" ">
    <subfield code="a">Actas del D&#xE9;cimocuarto Seminario Internacional del Centro de Investigaci&#xF3;n de Semi&#xF3;tica Literaria, Teatral y Nuevas Tecnolog&#xED;as, Madrid, UNED</subfield>
  </datafield>
  <datafield tag="264" ind1=" " ind2="1">
    <subfield code="a">Madrid :</subfield>
    <subfield code="b">Visor Libros :</subfield>
    <subfield code="b">SELITEN@T (UNED),</subfield>
    <subfield code="c">[2005]</subfield>
  </datafield>
  <datafield tag="300" ind1=" " ind2=" ">
    <subfield code="a">1 online resource (604 pages)</subfield>
  </datafield>
  <datafield tag="336" ind1=" " ind2=" ">
    <subfield code="a">text</subfield>
    <subfield code="b">txt</subfield>
    <subfield code="2">rdacontent</subfield>
  </datafield>
  <datafield tag="337" ind1=" " ind2=" ">
    <subfield code="a">computer</subfield>
    <subfield code="b">c</subfield>
    <subfield code="2">rdamedia</subfield>
  </datafield>
  <datafield tag="338" ind1=" " ind2=" ">
    <subfield code="a">online resource</subfield>
    <subfield code="b">cr</subfield>
    <subfield code="2">rdacarrier</subfield>
  </datafield>
  <datafield tag="490" ind1="1" ind2=" ">
    <subfield code="a">Biblioteca filol&#xF3;gica hispana ;</subfield>
    <subfield code="v">83</subfield>
  </datafield>
  <datafield tag="504" ind1=" " ind2=" ">
    <subfield code="a">Includes bibliographical references.</subfield>
  </datafield>
  <datafield tag="505" ind1="0" ind2=" ">
    <subfield code="a">Presentaci&#xF3;n -- Espacios y tiempos en la era de la globalizaci&#xF3;n / Celia Amor&#xF3;s -- Dramatolog&#xED;a del tiempo y dramaturgias femeninas (Diosdado, Ortiz, Pedrero, Reina, Resino) / Jos&#xE9; Luis Garc&#xED;a Barrientos -- Un minuto dura tres campos de exterminio: la desaparici&#xF3;n del espacio y del tiempo / Ang&#xE9;lica Liddell -- Personajes femeninos en mi obra: de Ulises no vuelve a Pop y patatas fritas / Carmen Resino de Ron -- Arquitecturas del sue&#xF1;o, paisajes de la memoria / Itziar Pascual -- El espacio y el tiempo de la mujer en la dramaturgia femenina finisecular / Virtudes Serrano -- Niveles de organizaci&#xF3;n y funcionamiento de la categor&#xED;a espacial en el texto dram&#xE1;tico / Jos&#xE9; R / Valles Calatrava -- Mesa Redonda 1: Asociaci&#xF3;n de Mujeres de las Artes Esc&#xE9;nicas en Madrid, Mar&#xED;as Guerreras -- Mesa Redonda 2: Equipo de Investigaci&#xF3;n en Teatro Hisp&#xE1;nico Contempor&#xE1;neo Roswita (Francia) -- Estructuraci&#xF3;n espacio-temporal en Un rat qui passe, de Agota Kristof / Margarita Alfaro Amieiro -- El espacio como transgresi&#xF3;n en los montajes de Simona Levi: Seven Dust / Irene Arag&#xF3;n Gonz&#xE1;lez -- La noche en el teatro de Paloma Pedrero / Susana B&#xE1;ez Ayala -- Espacios &#xED;ntimos en la dramaturgia de Llu&#xEF;sa Cunill&#xE9; / Trinidad Barbero Reviejo -- Griselda Gambaro en 4, 5 y 6.4. La casa sin sosiego, &#xF3;pera de c&#xE1;mara / Mar&#xED;a Florencia Bendersky -- Dramaturgias del horror: espacio y tiempo en las obras Introducci&#xF3;n de Sarah Kane / Mar&#xED;a Bonilla Agudo -- Lo privado vs / lo p&#xFA;blico: identidad en Personal e intransferible, de Carmen Resino / Nina Bosch Namaste -- Lidia Falc&#xF3;n y Garc&#xED;a Lorca: el espacio del tirano en los dramas de mujer / Lourdes Bueno P&#xE9;rez -- D.N.I., Como la vida misma y La mirada: espacio urbano y vac&#xED;o en el teatro de Yolanda Pall&#xED;n / Catalina Buezo Canalejo -- Imposible masculinidad / Estrategias espacio-temporales en Ulises no vuelve, de Carmen Resino / Gabriela Cordone -- Espacio y tiempo en Locas de amar, de Paloma Pedrero; Un maldito beso, de Concha Romero y ...Son los otros, de Carmen Resino / Isabel D&#xED;ez M&#xE9;nguez -- </subfield>
  </datafield>
  <datafield tag="505" ind1="0" ind2=" ">
    <subfield code="a">Mecanismos y funci&#xF3;n del elemento espacio-temporal en La pecera, de Yolanda Dorado / Rosa Ana Escalonilla L&#xF3;pez -- El cuerpo como espacio de significaci&#xF3;n en dos textos dram&#xE1;ticos: ...Y a otra cosa mariposa, de Susana Torres Molina y Vlad, de Teresa Marichal Lugo / Mar&#xED;a Jes&#xFA;s Fari&#xF1;a Busto -- Espacio y tiempo sontagianos en Alice in bed / Ver&#xF3;nica Fern&#xE1;ndez Peebles -- El espacio como ostentaci&#xF3;n de poder en Las paredes, de Griselda Gambaro / Silka Freire -- Coordenadas espacio-temporales en Trabajos de amor perdidos, de Helena Pimenta y Kenneth Branagh / Ma Teresa Garc&#xED;a-Abad Garc&#xED;a -- Representaciones del espacio en la obra de Estela Le&#xF1;ero / Amalia Gladhart -- Representaciones del espacio y del tiempo en tres obras de las dramaturgas Beth Escud&#xE9;, Margarita S&#xE1;nchez Rold&#xE1;n y Carmen Delgado Salas / Francisco Guti&#xE9;rrez Carbajo -- El espacio &#xBF;instrumento de invasi&#xF3;n? en el teatro de Elena Garro / Adriana Ma Hern&#xE1;ndez Sandoval -- Espacio y tiempo dram&#xE1;tico para el "re-encuentro": El color de agosto, de Paloma Pedrero -- Heterotop&#xED;as femeninas: an&#xE1;lisis del espacio teatral en clave neomoderna / Susana Lorenzo Zamorano -- Los espacios sociales en la dramaturgia de Isidora Aguirre / Carmen M&#xE1;rquez Montes -- Tiempo y espacio en S&#xF3;crates y los gatos, de Elena Garro / Mar&#xED;a Guadalupe Mercado M&#xE9;ndez -- Erros meus, m&#xE1; fortuna, amor ardente: a saudade como possibilidade da invers&#xE3;o do tempo-espa&#xE7;o na obra de Nat&#xE1;lia Correia / Mar&#xED;a Teresa de Noronha -- Claves de la memoria: espacios de la intimidad en el teatro de Paloma Pedrero / Mar&#xED;a Jes&#xFA;s Orozco Vera -- Panorama formal-estil&#xED;stico de la dramaturgia femenina actual / Manuel P&#xE9;rez Jim&#xE9;nez -- Tiempo y espacio en Los ochenta nuestros, de Ana Diosdado / Mar Rebollo Calzada -- Escenario, pasado e identidad femenina: tres obras de Ana Istar&#xFA; / Margarita Rojas Gonz&#xE1;lez -- Mi mam&#xE1; no me mima mucho: el espacio on&#xED;rico de Casa matriz, de Diana Raznovich / Scott A / Sanborn -- Espacios de lo imaginario en el teatro contempor&#xE1;neo: Q Teatro / Mar&#xED;a Jos&#xE9; S&#xE1;nchez Montes -- "Un lugar atractivo e inquietante": encuentros en el parque en el teatro de Paloma Pedrero / Michael Thompson -- Topolog&#xED;as y temporalidades reveladoras de la opresi&#xF3;n en la dramaturgia de Griselda Gambaro / St&#xE9;phanie Urdician -- Los nexos espacio-temporales en la dramaturgia del exilio de Teresa Gracia / Wendy-Llyn Zaza.</subfield>
  </datafield>
  <datafield tag="588" ind1="0" ind2=" ">
    <subfield code="a">Online resource; title from ePub and PDF title page (Digitalia, viewed June 13, 2014)</subfield>
  </datafield>
  <datafield tag="650" ind1=" " ind2="0">
    <subfield code="a">Women dramatists, Spanish</subfield>
    <subfield code="v">Congresses.</subfield>
  </datafield>
  <datafield tag="650" ind1=" " ind2="0">
    <subfield code="a">Spanish drama</subfield>
    <subfield code="y">20th century</subfield>
    <subfield code="x">History and criticism</subfield>
    <subfield code="v">Congresses.</subfield>
  </datafield>
  <datafield tag="655" ind1=" " ind2="0">
    <subfield code="a">Electronic books.</subfield>
  </datafield>
  <datafield tag="700" ind1="1" ind2=" ">
    <subfield code="a">Romera Castillo, Jos&#xE9;,</subfield>
    <subfield code="d">1946-</subfield>
    <subfield code="e">editor.</subfield>
  </datafield>
  <datafield tag="700" ind1="1" ind2=" ">
    <subfield code="a">Guti&#xE9;rrez Carbajo, Francisco,</subfield>
    <subfield code="d">1946-</subfield>
    <subfield code="e">contributor.</subfield>
  </datafield>
  <datafield tag="791" ind1="2" ind2=" ">
    <subfield code="a">Digitalia (Firm),</subfield>
    <subfield code="e">distributor.</subfield>
  </datafield>
  <datafield tag="793" ind1="0" ind2=" ">
    <subfield code="g">Digitalia eBook Collection:</subfield>
    <subfield code="a">Visor Libros.</subfield>
  </datafield>
  <datafield tag="776" ind1="0" ind2="8">
    <subfield code="i">Print version:</subfield>
    <subfield code="a">Centro de Investigaci&#xF3;n de Semi&#xF3;tica Literaria, Teatral y Nuevas Tecnolog&#xED;as. Seminario Internacional (14th : 2004 : Madrid, Spain).</subfield>
    <subfield code="t">Dramaturgias femeninas en la segunda mitad del siglo XX.</subfield>
    <subfield code="d">Madrid : Visor Libros, 2005</subfield>
    <subfield code="z">8475228836</subfield>
    <subfield code="w">(OCoLC)60831648</subfield>
  </datafield>
  <datafield tag="830" ind1=" " ind2="0">
    <subfield code="a">Biblioteca filol&#xF3;gica hispana ;</subfield>
    <subfield code="v">83.</subfield>
  </datafield>
  <datafield tag="856" ind1="4" ind2="0">
    <subfield code="3">Digitalia Hisp&#xE1;nica</subfield>
    <subfield code="u">https://www.digitaliapublishing.com/a/28175/</subfield>
  </datafield>
  <datafield tag="910" ind1=" " ind2=" ">
    <subfield code="a">Premium Collection: 2014</subfield>
  </datafield>
  <datafield tag="942" ind1=" " ind2=" ">
    <subfield code="c">RAA</subfield>
  </datafield>
  <datafield tag="952" ind1=" " ind2=" ">
    <subfield code="0">0</subfield>
    <subfield code="1">0</subfield>
    <subfield code="4">0</subfield>
    <subfield code="7">0</subfield>
    <subfield code="8">DEH</subfield>
    <subfield code="a">BD-UIN</subfield>
    <subfield code="b">BD-UIN</subfield>
    <subfield code="d">2025-04-25</subfield>
    <subfield code="l">0</subfield>
    <subfield code="r">2025-04-25</subfield>
    <subfield code="w">2025-04-25</subfield>
    <subfield code="y">RAA</subfield>
  </datafield>
  <datafield tag="999" ind1=" " ind2=" ">
    <subfield code="c">239135</subfield>
    <subfield code="d">239135</subfield>
  </datafield>
</record>
